000 00972 a2200229 4500
001 61903
005 20260407155911.0
008 260407a2007 arg spa d
003 AR-UNSa-BCEJYS
040 _aAR-UNSa-BCEJYS
_bspa
_cAR-UNSa-BCEJYS
080 _a347.72
_xSociedades comerciales
245 1 0 _aDerecho societario y de la empresa
264 1 _aCórdoba :
_bAdvocatus
_c2007
300 _a6 v.
_c22 cm.
505 _aVol. I: 1: Contratos de colaboración y asociativos - 2: Concepto de sociedad -- Vol. II: 3. Registración -- Vol. III: 4. Financiamiento. Capital --
041 _aspa
942 _cBK
590 _aniveau_biblio:m niveau_hierar:0
100 1 _aCongreso Iberoamericano de Derecho Societario y de la Empresa (1º : 1992 oct. 12-16 : Huerta Grande, Córdoba, Argentina)
700 1 _aCongreso de Derecho Societario (5º : 1992 oct. 12-16 : Huerta Grande, Córdoba, Argentina)
700 1 _aFundación para el Estudio de la Empresa (FESPRESA)
999 _c7472
_d7472